000 00837nam a2200217Ia 4500
001 5701
003 GE_BSU
008 181216s||||||||xx |||||||||||||| ||und||
040 _cGE_BSU
080 _a512.81
100 _aБурбаки, Н.
245 _aГруппы и алгебры Ли. Алгебры Ли, свободные алгебры Ли и группы Ли. I-III
245 _cПер с французского Ю.А. Бахтурина и Г.И.Ольшанского Под. ред. А.А.Кириллова и А.И. Кострикина
250 _al-lll
260 _aМосква.
260 _bМир
260 _c1976
300 _a496 стр. 28 см.
653 _aГруппы и алгебры Ли алгебры Ли свободные алгебры Ли игруппы ли
942 _cBK
999 _c39120
_d39120